[Event "Clichy"]
[Site "Clichy"]
[Date "2001.06.30"]
[Round "6"]
[White "Nataf, Igor Alexandre"]
[Black "Apicella, Manuel"]
[Result "1-0"]
[WhiteElo "2552"]
[BlackElo "2508"]
[Annotator "Psakhis,L"]
[PlyCount "81"]
[EventDate "2001.06.25"]
[EventType "tourn"]
[EventRounds "9"]
[EventCountry "FRA"]
[EventCategory "14"]
[SourceTitle "CBM 085"]
[Source "ChessBase"]
[SourceDate "2001.11.13"]
[SourceVersion "1"]
[SourceVersionDate "2001.11.13"]
[SourceQuality "1"]

1. e4 e6 2. d4 d5 3. Nc3 Bb4 4. exd5 exd5 5. Bd3 Nc6 6. a3 Bxc3+ (6... Be7 $5
7. Nce2 Nf6 8. c3 O-O 9. Qc2 Re8 10. Bf4 Bg4 11. O-O-O Bh5 12. f3 Bg6 13. Bxg6
fxg6 14. Kb1 Na5 15. Nh3 Nc4 $11 {1/2-1/2 Paehtz,E-Totsky,L/Pardubice Czech op
2001/The Week in Chess 351 (28)}) 7. bxc3 Nge7 ({I have strong feeling that} 
7... Nf6 $142 {promised better chances for equalization, for example} 8. Ne2
Na5 9. O-O O-O 10. Ng3 Nc4 11. Qf3 Bg4 12. Qf4 Nd6 13. f3 Bh5 14. Nxh5 Nxh5 15.
Qe5 Nf6 16. Bg5 Nde8 17. Rfe1 Qd7 18. Qg3 Qc6 19. Re3 h6 $13 {1/2-1/2 Videki,
S-Bukal,V/Split Cvitanovic Memorial 2001/The Week in Chess 339 (24)}) 8. Qf3 $1
Be6 9. Ne2 Qd7 10. O-O {[%mdl 4]} O-O-O ({In the case of} 10... Bf5 11. Ng3 Bg6
(11... Bxd3 12. cxd3 O-O-O 13. Qxf7 h5 14. Re1 h4 15. Nf1 h3 16. g3 Kb8 17. Bg5
$16 {1-0 Rabiega,R-Schulz,M/Spree op 1997/EXT 2001 (30)}) 12. Nh5 O-O 13. Nf4
Rae8 14. a4 $1 Nd8 15. Ba3 c6 16. Rfe1 Ne6 17. Qh3 $36 {1-0 Rabiega,R-Jussupow,
A/Frankfurt Masters 2000/The Week in Chess 294 (24) white's advantage is
obvious.}) 11. h3 h5 $146 {Apicella is trying to get counterplay on the >>,
but just produce here additional weakness.} (11... Rdg8 12. Nf4 Bf5 13. Nh5 Bg6
14. Re1 Nf5 15. Nf4 Rd8 16. Bd2 Na5 17. Re5 $14 {1-0 Galego,L-Dias,P/POR t-ch
Aveiro 2000/The Week in Chess 296 (28)}) 12. Nf4 Bf5 ({After} 12... g6 13. Nxe6
Qxe6 (13... fxe6 14. Re1 {[%cal Gc1g5]}) 14. Bg5 $16 {[%csl Gd3,Gg5] Black
needs good advice.}) 13. Nxh5 Be4 14. Qg4 (14. Qd1) 14... Nf5 (14... Qxg4 $6
15. hxg4 Rh7 16. f3 Bxd3 17. cxd3 $16) (14... Bf5 $6 15. Bxf5 Nxf5 16. Re1 $14)
15. Ng3 (15. Bxe4 dxe4 16. Re1 Nd6 17. Qxd7+ Rxd7 18. Ng3 $14 {[%csl Rc2,Rc3]})
15... Nxg3 16. Qxd7+ Rxd7 17. fxg3 {White got clear advantage - pawn+^^ - and
now Nataf demonstrates good ending technique.} Re8 18. Bd2 Na5 19. Rae1 Rde7
20. g4 Nc4 21. Bc1 $16 b5 (21... f6 $5) 22. g5 $1 {[%cal Gh3h5,Gg2g4]} Kd8 23.
Rf2 c6 24. h4 g6 25. Ref1 Nd6 26. Bf4 Nf5 27. Be5 Kd7 (27... Nxh4 28. Bf6 $18)
28. Rf4 $1 Ne3 29. Re1 Nc4 (29... Nxc2 $2 30. Rexe4 dxe4 31. Bxc2 $18) (29...
Bxd3 30. cxd3 (30. Rxe3 $5 Bxc2 31. g4 $16 Be4 32. Re1 {[%csl Rf7]}) 30... Nc2
31. Rc1 Nxa3 32. Ra1 b4 33. cxb4 Nb5 34. Ra6 $5 $18) 30. Bxc4 bxc4 31. Ref1 {
Rest is simple- Black can't protect f7 pawn and White wins without any problem.
} (31. Rb1 Bxc2 32. Rb7+ Kc8) 31... Bxc2 (31... Bf5 32. g4 Be6 33. Bf6) 32.
Rxf7 $18 Rxf7 33. Rxf7+ Re7 34. Rf6 Re6 35. Rf2 Bd1 36. Rf1 Be2 37. Rb1 Re7 38.
Kf2 Bh5 39. Ke3 Ke6 40. Kf4 {[%cal Rg2g4]} Be2 (40... Rf7+ 41. Bf6) 41. Re1 (
41. Re1 Bd3 42. Bf6+ $18) 1-0

[Event "Politiken zt"]
[Site "Munkebo"]
[Date "1998.09.19"]
[Round "4.2"]
[White "Djurhuus, Rune"]
[Black "Gausel, Einar"]
[Result "1-0"]
[WhiteElo "2495"]
[BlackElo "2540"]
[Annotator "Psakhis,L"]
[PlyCount "65"]
[EventDate "1998.09.10"]
[EventType "k.o."]
[EventRounds "5"]
[EventCountry "DEN"]
[SourceTitle "CBM 067"]
[Source "ChessBase"]
[SourceDate "1998.11.30"]
[SourceVersion "2"]
[SourceVersionDate "1998.11.01"]
[SourceQuality "1"]

1. e4 e6 2. d4 d5 3. exd5 exd5 4. Nf3 Nf6 5. c4 Be7 6. Nc3 O-O 7. Bd3 {This
modest setup doesn,t look too dangerous for black, but they still have to play
well and carefully.} c6 ({Deserves attention} 7... dxc4 $5 8. Bxc4 Bg4 9. O-O
Bxf3 10. Qxf3 Nc6 $13) 8. O-O dxc4 9. Bxc4 Bg4 10. Be3 Nbd7 11. h3 Bh5 {
Maybe stronger was to play} (11... Bxf3 12. Qxf3 Nb6 {for example} 13. Bb3 a5
14. a4 Qd6 15. Rfe1 Rae8 16. Ba2 Qb4 $13 {with reasonable position, Djoric,
D-Marinkovic,S/YUG-ch op 1995 (46)}) 12. g4 $1 {Only way to fight for an
advantage.} (12. Be2 $6 Nb6 13. Bg5 Nfd5 14. Bxe7 Qxe7 15. Qd2 Rad8 16. Rad1
Rfe8 17. Rfe1 Qc7 $15 {1-0 Leskur,D-Krajnak,M/Bardejov 1996 (60)}) 12... Nb6 (
12... Bg6 $5 13. Nh4 (13. Ne5 Nxe5 14. dxe5 Ne4) 13... Nb6 14. Bb3 Nfd5 15. Nf5
Bxf5 16. gxf5 Nxc3 17. bxc3 Bf6 18. Qd3 Qd7 19. Rad1 Rfe8 20. c4 Qe7 21. c5 Nd7
22. d5 Nxc5 23. Bxc5 Qxc5 24. Rc1 Qe7 {1/2-1/2 Mueller,K-Stefansson,H/Aabybro
1989}) 13. Bb3 Bg6 14. Ne5 Nfd5 15. Bd2 {[%csl Rg6][%cal Rf2f4] N} (15. Qf3 Bf6
16. Rad1 Re8 17. Bf4 Nxf4 18. Qxf4 Nd5 19. Bxd5 cxd5 {1-0 Licina,A-Carvalho,A/
EU t-chW Pula 1997 (66)}) 15... c5 $6 {This optimistic move is clearly to
White,s favour, but not easy to equalize game and after} (15... f6 16. Nxg6
hxg6 17. Qf3 Qd7 {[%csl Gd5][%cal Gf6f5]} 18. Ne4 {[%cal Ge4c5]} Bd6 19. Ba5 $1
{[%csl Rg8][%cal Rb3g8]}) ({or} 15... a5 $5 16. a3 $140 f6 17. Nxg6 hxg6 18.
Qf3 a4 19. Ba2 f5 20. Rae1 $14) 16. Nxg6 hxg6 17. Nxd5 Nxd5 18. Qf3 $36 {
[%csl Gb3,Gf3] ^^} Nb6 (18... Nf6 19. Qxb7 cxd4 20. Rfe1 Bc5 21. Rac1 $16) 19.
dxc5 (19. Qxb7 $5 cxd4 $140 20. Rfe1 Bf6 21. Bb4 $16 {[%csl Gb3,Gb4]}) 19...
Qxd2 (19... Bxc5 20. Rad1 $16 {[%csl Gb3,Rb6,Gd2]}) 20. cxb6 axb6 21. Rad1 ({
Why not} 21. Qxb7 $5 $16 {with possible continuation} Bc5 $140 22. Bxf7+ Kh7
23. Qe4 $1 Rxf7 24. Qxa8 Rxf2 25. Rxf2 Qxf2+ 26. Kh1 Qxb2 27. Rf1 $18 {?})
21... Qxb2 22. Rd7 {[%csl Rg8][%cal Rd7f7,Rd7b7,Rb3f7,Rf3f7]} Qf6 (22... Qe5
23. Qxb7 Rae8 (23... Bd6 24. Bxf7+ Kh7 25. Qg2 $16) 24. Qxb6 $16) 23. Qxf6 {
Funny, but White keeps strong initiative even after queens exchange} (23. Qxb7
Rab8 24. Qe4 Bc5 $11) 23... Bxf6 24. f4 {[%csl Rf7][%cal Rg4g5,Rf4f5] ^-} (24.
Rxb7 $5 Rab8 $140 $6 25. Bxf7+) 24... Rae8 {[%cal Ge8e7]} (24... g5 25. h4 $1 (
25. fxg5 $5) 25... gxh4 26. g5 Rad8 $1 27. Rfd1 (27. Rxd8 Bxd8 28. g6 Kh8 29.
Bxf7 Bf6) 27... Rxd7 28. Rxd7 $16) 25. Kg2 $5 {[%cal Rg4g5]} (25. g5 Be7 $1 {
[%cal Ge7c5,Ge8e7]} (25... Re7 26. Rfd1 Rxd7 27. Rxd7 Bc3 28. Kg2 $16 {[%csl
Rb7,Rf7,Rg8]})) 25... Re7 26. Rfd1 g5 (26... Rfe8 27. g5 Bc3 (27... Re2+ $4 28.
Kf1 $18) 28. Rxe7 Rxe7 29. Rd8+ Kh7 30. Rf8 f5 (30... f6 31. Bg8+ Kh8 32. f5 $1
gxf5 33. g6 $18) 31. h4 {[%cal Rb3g8,Rh4h5]} Re2+ 32. Kf3 Rh2 33. Bg8+ Kh8 34.
Bf7+ Kh7 35. Kg3 Rd2 (35... Rh1 36. Bg8+ Kh8 37. Bd5+ $18) 36. h5 $18) 27. h4
$1 $18 {[%cal Rg4g6]} gxf4 (27... gxh4 28. g5 Rxd7 29. Rxd7 Bc3 30. g6 Rc8 31.
Rxf7 $18) 28. g5 Rxd7 29. Rxd7 Bd8 (29... Rd8 30. Rxf7 Rd2+ 31. Kf1 (31. Kf3 $2
Rd3+ 32. Kxf4 Rxb3) 31... Bd4 32. g6 $18) 30. g6 $18 Bxh4 31. Bxf7+ Rxf7 (31...
Kh8 32. Rd5 {[%cal Rd5h5]}) 32. Rxf7 Bd8 33. Kf3 1-0

[Event "Escaldes zt"]
[Site "Escaldes"]
[Date "1998.11.09"]
[Round "4"]
[White "De la Riva Aguado, Oscar"]
[Black "Claesen, Pieter"]
[Result "1-0"]
[WhiteElo "2510"]
[BlackElo "2410"]
[Annotator "Psakhis,L"]
[PlyCount "51"]
[EventDate "1998.11.06"]
[EventType "swiss"]
[EventRounds "9"]
[EventCountry "AND"]
[SourceTitle "CBM 068"]
[Source "ChessBase"]
[SourceDate "1999.02.01"]
[SourceVersion "1"]
[SourceVersionDate "1999.02.01"]
[SourceQuality "1"]

1. e4 e6 2. d4 d5 3. Nc3 Bb4 4. exd5 exd5 5. Bd3 {Black have big choice now.
Claesen choose most popular move} Nc6 {but deserves attention also} (5... Nf6
$5 {or}) (5... Ne7 $5) 6. a3 Be7 {I would prefer} (6... Bxc3+ 7. bxc3 Nf6 {
but, surely, choice here just question of taste.}) 7. Nce2 Bf6 ({With accurate
play black have good chances for equalization after} 7... Nf6 $5 8. c3 O-O 9.
Ng3 Re8 10. N1e2 Bg4 11. f3 Bh5 12. O-O Bg6 13. Bb5 a6 14. Bxc6 bxc6 15. b4 a5
16. Bf4 Nd7 {1/2-1/2 McDonald,N-Levitt,J/BCF t-ch 1998 (16)}) 8. c3 Nge7 (8...
h5 9. Nf4 g6 10. Qf3 Nce7 11. h3 c6 12. Nge2 Qd6 13. O-O Nh6 14. Bd2 Nhf5 {
1/2-1/2 Jamrich,G-Portisch,F/Budapest op 1997 (14)}) 9. Ng3 {[%cal Gg3h5]
Knight wants to come to h5, and it is not so easy for black to prevent it,
because} Ng6 ({in case of} 9... g6 {Black weakening all black squares on the
king,s flank and after, for example} 10. Bh6 Ng8 11. Bf4 h5 12. h3 h4 13. Nf1
Nh6 14. Ne3 Ne7 15. Qe2 Kf8 16. Nf3 Nhf5 17. Ng4 $36 {1-0 Hickl,J-Poldauf,D/BL
1992 (28) white,s chances are clearly better.}) 10. N1e2 Nce7 $6 (10... O-O
$142 11. O-O Bh4 $1 12. Nf4 Nce7 13. Qh5 c6 14. Bd2 a5 15. b4 axb4 16. axb4
Rxa1 17. Rxa1 Bf6 $11 {1/2-1/2 Rabiega,R-Hansen,L/BL2-N 1997 (22)}) 11. Nh5 Nf5
{N/ An improvment compare to} (11... Bg4 $6 12. Nxf6+ gxf6 13. Qb3 Qc8 14. h3
Be6 15. Nf4 Bf5 16. Be2 Nxf4 17. Bxf4 $16 {1-0 De la Riva,O-Hernando,J/
Barcelona Foment 1996 (40) but white keeps initiative any case.}) 12. O-O O-O
13. Qc2 Nd6 (13... Re8 $2 14. Nef4 $1 Nxf4 15. Bxf4 $18 {[%csl Gf4,Gh5][%cal
Gd3h7]}) 14. f4 Bg4 (14... Re8 15. f5 Nf8 16. Bf4 $36) 15. Neg3 (15. Nxf6+ Qxf6
16. f5 Ne7 17. Ng3 $36) 15... Bh4 (15... Bxh5 $142 16. Nxh5 Re8 17. f5 Nf8 $14)
16. f5 Nh8 {Sad necessity, because} (16... Ne7 17. Rf4 $1 Bxh5 18. Rxh4 $18 {
simply lost piece.}) 17. f6 $1 g6 {[%csl Rh8]} (17... Ng6 18. fxg7 Re8 19. h3
$18) 18. Bh6 Re8 19. Rf4 Qd7 (19... Bxg3 20. Rxg4 Re1+ 21. Rxe1 Bxe1 22. Qd1 {
[%csl Re1]} Qd7 23. Ng7 $1 $18 {[%csl Ye8]}) 20. h3 (20. Ng7 Bxg3 21. hxg3 Re3)
20... Bxg3 (20... Bxh5 21. Rxh4 $18) 21. Rxg4 $1 $18 {[%csl Rg3]} (21. Nxg3 Be6
22. Re1 $16) 21... Re1+ (21... Be1 22. Ng7 $1) 22. Rxe1 Bxe1 23. Qd1 Nf5 (23...
Qe6 24. Ng7 Qxf6 25. Qxe1 $18) 24. Bf4 Re8 (24... Qe6 25. Rg5 (25. Qc1 $5)
25... Kf8 (25... Nd6 26. Re5) 26. Bxf5 gxf5 27. Rg7 $18) 25. Bxf5 Qxf5 26. Ng7
{[%csl Re8,Rf5,Gg7]} 1-0

[Event "Bundesliga 0203"]
[Site "Germany"]
[Date "2003.03.29"]
[Round "14.5"]
[White "Hodgson, Julian M"]
[Black "Pelletier, Yannick"]
[Result "1-0"]
[WhiteElo "2608"]
[BlackElo "2587"]
[Annotator "Psakhis,L"]
[PlyCount "81"]
[EventDate "2002.10.19"]
[EventType "team-tourn"]
[EventRounds "15"]
[EventCountry "GER"]
[SourceTitle "CBM 095"]
[Source "ChessBase"]
[SourceDate "2003.07.25"]
[SourceVersion "1"]
[SourceVersionDate "2003.07.25"]
[SourceQuality "1"]
[WhiteTeam "Luebeck"]
[BlackTeam "Werder Bremen"]
[WhiteTeamCountry "GER"]
[BlackTeamCountry "GER"]

1. d4 e6 2. e4 d5 3. Nc3 Bb4 4. exd5 exd5 5. Bd3 Nc6 (5... Nf6) (5... c6 $5) 6.
a3 Bxc3+ 7. bxc3 Nce7 {This move has become quite popular in the last couple
of years.} (7... Nf6 $5) (7... Nge7) (7... Qf6) 8. Rb1 $5 ({White tried few
times also} 8. Qf3 {but without big success -} Nf6 9. Ne2 O-O 10. h3 Ne4 11.
O-O (11. c4 c6 12. O-O Bf5 13. cxd5 cxd5 14. c4 Qd7 15. Rb1 b6 16. cxd5 Nd6 $13
{0-1 Lau,R-Garcia Gonzales,G/Dubai ol 1986 (31)}) 11... Bf5 12. Bf4 Qd7 13. c4
c6 14. Rab1 Rfe8 15. cxd5 cxd5 16. c4 Nf6 17. Bxf5 Nxf5 18. Be5 Ne4 $11 {
1/2-1/2 Dominguez,L-Pelletier,Y/Bled Olympiad 2002}) 8... Nf6 9. Ne2 Ne4 10. c4
c6 11. O-O $5 $146 ({White get nothing after} 11. c5 b6 12. f3 Nf6 13. cxb6
axb6 14. Ng3 O-O 15. O-O (15. Bg5 Ng6) 15... h6 16. Re1 Re8 17. Rb3 Ba6 $11 {
Trygstad,K-Berg,E/Stockholm Rilton Cup 2003/}) 11... O-O 12. cxd5 cxd5 13. c4
$1 {Hodgson is very persistent!} b6 14. cxd5 (14. f3 $5 Nd6 15. c5 bxc5 16.
dxc5 Nc4 $13) 14... Bf5 (14... Nf6 15. Bg5 Nfxd5 $13) 15. g4 $5 {Only chance
in the fight for initiative.Other case Black just will take back pawn d5 with
good game.} (15. f3 Nf6 16. Bxf5 Nxf5 17. Bg5 h6 $11) 15... Bg6 16. f4 $5 f5 (
16... Nxd5 $2 17. f5 Nec3 18. Qb3 Nxb1 19. Bxb1 $16) 17. Bxe4 fxe4 18. f5 ({
Black is doing well after} 18. Ng3 Qxd5 19. f5 Bf7 20. Rf4 Rfe8 21. Rxe4 Nc6
$44) 18... Bf7 19. Bg5 $1 (19. Nc3 e3 $5 20. Bxe3 Nxd5 21. Nxd5 Bxd5 $44 {
[%csl Gd5,Rg1]}) 19... Re8 20. Nf4 {[%csl Gf4,Gg5]} Qd6 21. Bxe7 Rxe7 22. Qb3 (
{In the case of} 22. Ne6 Qxd5 23. Nxg7 e3 $1 $36 {already white must play very
carefully!}) 22... Rd8 23. Qe3 Bxd5 {Finally Black won pawn back!} 24. Rbc1 b5
{[%cal Gd5c4]} 25. Rfd1 Bc4 26. d5 {[%csl Gd5,Gf4,Gf5] It is not easy at all
to give correct estimation to this position.} Qh6 27. Rd4 Qg5 (27... Re5 $5)
28. h3 h5 ({Worth considering} 28... Re5 $5 {[%cal Ge5f5]} 29. Ng2 Qe7 {
with chances for small advantage.}) 29. Ng2 (29. d6 Red7 30. Nd5 Qxe3+ 31. Nxe3
hxg4 32. hxg4 Rxd6 33. Rxe4 Rd3 $11) 29... Qf6 30. Rcd1 (30. a4 a6) 30... hxg4
31. hxg4 Re5 32. Nf4 $2 {Hodgson wrongly use the chance to bring his knight
back to active position.After correct} (32. Rxe4 $1 Rexd5 33. Rxd5 Bxd5 (33...
Rxd5 34. Re8+ Kf7 $13) 34. Rd4 Bc4 35. Rxd8+ Qxd8 36. Qxa7 Qd1+ 37. Kf2 Qxg4
$11 {game will be equal.}) {To be honest, I just can't find any explanation of
this move! Pelletier could play} 32... g5 $2 {[%mdl 8192]} (32... Qh4 $142 $1
33. Qh3 Qxh3 34. Nxh3 Be2 $17 {with edge}) 33. Nh5 $18 {And now game is over!}
Qh6 (33... Qe7 34. d6) 34. Rxe4 Rxe4 (34... Rexd5 35. Re8+ Rxe8 36. Qxe8+ Kh7
37. Re1 $18) 35. Qxe4 {[%csl Gd5,Gf5,Rg8,Gh5,Rh6]} Qd6 36. Qe3 Kf8 37. Qxg5 $1
Qc5+ 38. Kg2 Bxd5+ 39. Kg3 Qc7+ (39... Qxa3+ 40. Kh4 $18) 40. Nf4 Rd6 41. f6 {
[%cal Rg5g7]} 1-0

[Event "NED-chT 0102 playoff"]
[Site "Enschede"]
[Date "2002.05.09"]
[Round "1.3"]
[White "Timman, Jan H"]
[Black "Van Haastert, Edwin"]
[Result "1-0"]
[WhiteElo "2616"]
[BlackElo "2417"]
[Annotator "Psakhis,L"]
[PlyCount "75"]
[EventDate "2002.05.09"]
[EventType "team-k.o."]
[EventRounds "2"]
[EventCountry "NED"]
[SourceTitle "CBM 089"]
[Source "ChessBase"]
[SourceDate "2002.08.12"]
[SourceVersion "1"]
[SourceVersionDate "2002.08.12"]
[SourceQuality "1"]
[WhiteTeam "Ordina Breda"]
[BlackTeam "Leiden LSG"]
[WhiteTeamCountry "NED"]
[BlackTeamCountry "NED"]

1. e4 e6 2. d4 d5 3. Nc3 Bb4 4. exd5 exd5 5. Bd3 Nc6 6. a3 Bxc3+ 7. bxc3 Nge7 (
{I think, that} 7... Nf6 {with posiible continuation} 8. Ne2 O-O 9. O-O Na5 {
gives more chances for equalization}) 8. Qf3 Be6 9. Nh3 Qd7 10. Nf4 ({After} 
10. Ng5 Bf5 11. g4 Bg6 12. h4 f6 13. Nh3 h5 $1 14. gxh5 Bxh5 {0-1 Shirazi,
K-Varreille/FRA t-ch2 1999 (56) black doing very well.}) 10... O-O-O 11. O-O ({
White could try and} 11. Nxe6 Qxe6+ 12. Be3 g6 13. O-O Nf5 14. Bd2 Rde8 15.
Rfe1 $14 (15. Rab1 Nd6 $11 {Tereladze,S-Kononenko,T/EUR-chW Warsaw 2001/ 0-1 
(48)})) 11... Bf5 12. a4 Bxd3 $146 ({Black failed to equalize after} 12... g5
13. Ne2 h6 14. Ba3 Bxd3 15. cxd3 Ng6 16. Ng3 Nh4 17. Qf6 $1 $36 {Short,
N-Timman,J/Tilburg 1990/1-0 (43)}) 13. Nxd3 {Interesting solution,} (13. cxd3 {
also doesn't look badly.}) 13... Qf5 14. Qe2 {[%cal Ge2b5]} Rde8 (14... Qe4 15.
Be3) 15. Nc5 Nd8 ({Worth considering} 15... Na5 16. Qb5 b6 {[%cal Ge7c6] with
tough position}) 16. Rb1 {[%cal Rb1b7]} Nec6 {I think that this is a critical
moment of the game. Black decided for some reasons to play passively and lost
the game without big fight.} ({Deserves attention} 16... Ng6 $5 {for example}
17. Be3 (17. Qb5 Nh4 18. Nxb7 Qe4 19. f3 Qe2 $15) 17... Nh4 18. Rxb7 $140 $4
Qg6 $1 $19) 17. Be3 Nb8 $6 {Another passive move.} 18. a5 $5 (18. Nxb7 Nxb7 19.
Qb5 {looks winning, but after the forced} Nd6 20. Qxb8+ Kd7 21. Qxa7 Ra8 22.
Qc5 Rxa4 $14 {white's advantage is minimal.}) 18... Re7 19. c4 $1 Nd7 20. cxd5
Qxd5 21. Qg4 (21. Nxd7 $5 Qxd7 22. a6 b6 23. c4 $5 Qxd4 24. c5 $36 {doesn't
look badly too.}) 21... f5 22. Qh4 Rf7 23. Nd3 $5 (23. a6 $5 Nxc5 24. dxc5)
23... Ne6 (23... Qe4 24. Qg3) 24. a6 $1 bxa6 ({After} 24... b6 25. Nb4 {
[%csl Rc6] Black will get many troubles with c6 square.}) 25. Nb4 Qc4 (25...
Qe4 26. Qh5 {[%cal Gh5e2,Re2a6]}) 26. Qh5 Nd8 (26... Rff8 27. d5) 27. Qf3 Nb6 (
27... c6 28. Qf4 $5) 28. Nd3 $1 {[%cal Rd3e5]} Qd5 29. Qh3 (29. Qe2 $5) 29...
Ne6 (29... Nc6 30. c3) 30. Ne5 Rff8 31. c4 $1 Nxc4 (31... Qe4 32. Rfe1 Nxd4 33.
Bxd4 Qxd4 34. Qa3 $18) 32. Nxc4 Qxc4 33. Qf3 $18 {[%csl Rc8] It seems that
Black's position can no longer be saved - there are too many White' pieces
pointed at the black king, who is almost alone.} Nd8 34. Rfc1 Qe6 35. Bf4 c6
36. d5 Qe4 {Fritz gives now as a best option for Black 36...Qd6 - quite sad
evualation!} 37. dxc6 Qxf3 38. Rb8# 1-0

[Event "Mitropa Cup 19th"]
[Site "Baden"]
[Date "1999.04.01"]
[Round "1"]
[White "Neubauer, Martin"]
[Black "Kindermann, Stefan"]
[Result "0-1"]
[WhiteElo "2304"]
[BlackElo "2541"]
[Annotator "Psakhis,L"]
[PlyCount "68"]
[EventDate "1999.04.01"]
[EventType "team-tourn"]
[EventRounds "9"]
[EventCountry "SUI"]
[SourceTitle "CBM 071"]
[Source "ChessBase"]
[SourceDate "1999.08.01"]
[SourceVersion "1"]
[SourceVersionDate "1999.08.01"]
[SourceQuality "1"]

1. e4 e6 2. d4 d5 3. Nc3 Bb4 4. exd5 {White choose not the most exciting line!}
exd5 5. Bd3 Nc6 6. a3 Bxc3+ 7. bxc3 Nf6 {I also like this move, but 7... Nge7
is not a bad reply too.} 8. Ne2 ({After boring} 8. Bg5 h6 9. Bxf6 Qxf6 10. Qf3
Qxf3 11. Nxf3 Bg4 12. Nd2 O-O 13. f3 Bd7 14. Kf2 b6 15. Rhe1 Rfe8 {1/2-1/2
Casper,T-Kindermann,S/BL 1996 (17) white hasn't even a smell of advantage.})
8... O-O 9. O-O Na5 $1 {[%cal Ga5c4]} (9... Bg4 $6 10. f3 Bh5 11. Nf4 Bg6 12.
Nxg6 hxg6 13. Bg5 Na5 14. f4 $1 Qd6 15. f5 $36 {1-0 Kharitonov,S-Zakharov,A/
Novgorod op 1997/CBM 60 (25)}) 10. Ng3 ({More interesting maybe} 10. Bg5 $5 {
but after, for example} h6 11. Bh4 Qd6 12. Rb1 b6 13. Qd2 Bd7 14. f3 Rfe8 15.
Rfe1 Nh7 $13 {1-0 Vorotnikov,V-Zakharov,A/Moscow op-11 1995 (44) black has
nothing to worry about.}) 10... Nc4 {N/} (10... Re8 11. Qf3 Bg4 12. Qf4 h6 13.
h3 Be6 14. Qf3 Nc4 15. Bf4 Nd6 16. Rfe1 c6 $11 {0-1 Rabiega,R-Kindermann,S/AUT
t-ch 1998 (36)}) (10... Bg4 $5 11. f3 Bd7 12. Re1 Nc4 13. Bf4 Re8 14. Be5 h6
15. Bxc4 dxc4 16. Qe2 Be6 $11 {1/2-1/2 Spraggett,K-Eingorn,V/Metz op 1997 (35)}
) 11. Re1 Bg4 12. f3 Be6 13. Bg5 (13. Bf4 $5) 13... h6 14. Bxf6 Qxf6 15. Bxc4
dxc4 {[%csl Ra3,Rc3] White didn't get any advantage, but maybe it was not the
main point for him. The position is approximately equal, just White must be
cautious about the pawns on the queen side and Black about king's security.}
16. Re5 (16. Nh5 $5) 16... c6 17. Qe2 (17. Ne4 Qd8 18. Nc5 Bc8 19. Qe2 b6 20.
Ne4 Be6 $11) 17... Qd8 18. f4 Bd5 19. Qg4 Kh7 20. Rae1 (20. Nf5 $5 Qf6 21. Ne3
Rad8 $11) 20... Qa5 {Brave Kindermann even doesn't want to think about passive
defence and start hunting for white's pawns, but he underestimates the danger
for his king.} (20... Qf6 $13) 21. Nh5 Rg8 $2 {[%mdl 8192]} (21... g6 $142 $8
22. Nf6+ Kg7 23. Ne8+ $140 Raxe8 24. Rxe8 Rxe8 25. Rxe8 Qxc3 $44) 22. Qg3 $2 {
Neubauer missed nice victory, possible after} (22. Re8 $3 {[%mdl 128]} Qxc3 23.
f5 $1 {[%cal Rg4g7,Rh5f6]} g6 (23... Raxe8 24. Qxg7+ $1 $18) (23... g5 24. Nf6+
Kg7 25. Nxg8 Be6 $5 (25... Rxe8 26. Rxe8 Qxc2 27. h4 $18) 26. f6+ Kh8 27. R1xe6
$5 fxe6 28. Nxh6+ Kh7 (28... Rxe8 29. Nf7+ Kg8 30. Qxg5+) 29. Re7+ Kxh6 30.
Rh7+ $1 Kxh7 31. Qh5+ $18) 24. Nf6+ Kg7 25. Nxg8 Rxe8 26. Rxe8 Qxc2 27. h4 $18)
22... Qxa3 23. Re7 (23. f5 Qd6) 23... Qd6 24. Rxb7 a5 $17 {[%csl Ga5] The
situation on the board changed very quickly. Black's king is safe now and it
is difficult for white to stop the powerfull a-pawn.} 25. f5 Qxg3 26. hxg3 Rgb8
27. Rxb8 Rxb8 28. Nf4 a4 29. Nxd5 (29. Ra1 Ra8 30. g4 a3 31. Ra2 Be4 {[%csl
Ge4][%cal Ge4c2]}) 29... cxd5 30. Ra1 Ra8 31. Ra3 h5 $1 $19 {[%cal Gh7h6,Gh6g5]
} 32. f6 g5 33. Kf2 Kg6 34. Kf3 Kxf6 0-1